Statystyki dla Quiz o językach

Kliknij tutaj aby rozwiązać quiz!

Ogólne statystyki

  • Ten quiz został rozwiązany 77 razy
  • Średni wynik to 6 z 15

Statystyki odpowiedzi

ZagadnienieOdpowiedź% Poprawnych
Jaki to język: 이 변경 사항을 펼치거나 접으려면 매월 클릭하세요.Koreański
80%
W ilu krajach język hebrajski jest językiem urzędowym1
59%
Z jakiej rodziny wywodzi się język afrikaans?języki germańskie
55%
W jakim obszarze Afryki występuje język Zulu.Południowa Afryka
55%
Jaki język urzędowy obowiązuje w Andorze?Kataloński
52%
Na których z tych wysp język maoryjski jest językiem urzędowym?Wyspy Cooka
52%
Jaki to język: မှတ်သားနိုင်ပါသည်။ ဤပြောင်းလဲမှုကို ချဲ့ထွင်ရန်Birmański
49%
W których z tych krajów język angielski NIE jest językiem urzędowymHaiti
45%
W jakich grupach krajów występuje język malgaski?Madagaskar, Komory, Reunion i Majotta
45%
Ile języków urzędowych posiada Republika Południowej Afryki11
38%
Jedynym krajem w którym językiem urzędowym jest kurdyjski to?Irak
36%
Z jakiego kraju wywodzą się języki samojedzkie?Rosja
36%
Jaki to język: මෙම වෙනස පුළුල් කිරීමට හෝ හැකිලීමට සෑම මසකම ක්ලික් කරන්න.Syngalejski
30%
Która grupa z tych języków NIE jest grupą afrykańską?Języki munda
6%
Którym z tych Hinduskich języków posługuje się najwięcej użytkownikówTelugu
6%

Rozkład punktacji

Percentyl według liczby udzielonych odpowiedzi

Procent ludzi z każdym wynikiem

Twoja historia wyników

Nie rozwiązałeś tego quizu